| 000 | 00538nam a2200181 i 4500 | ||
|---|---|---|---|
| 001 | 45417 | ||
| 003 | ES-MaACL | ||
| 007 | t| | ||
| 008 | 030326s1982 sp ||||1| spa d | ||
| 100 | 1 |
_aColl, Aliocha. _939608 |
|
| 245 | 1 | 0 |
_aVitam venturi saeculi / _cAliocha Coll. |
| 260 |
_a[Madrid] : _bAlfaguara, _c[1982] |
||
| 300 |
_a286 p. ; _c22 cm. |
||
| 490 | 1 |
_aAlfaguara. Nueva Ficción. Nostromo ; _v12 |
|
| 830 | 0 |
_aAlfaguara. Nueva Ficción. Nostromo ; _v12 _9182890 |
|
| 852 |
_aES-MaACL _jL-4650 _bR.104710 |
||
| 999 |
_c45417 _d45417 |
||